000
00455nam a2200193Ia 4500
008
151119s9999||||xx |||||||||||||| ||und||
082
_a
891.461
082
_b
GKKV28398
100
_a
सावंत वसंत
245
_a
वसा
260
_a
--
260
_b
--
260
_c
2007
600
_a
सावंत वसंत
630
_a
वसा
700
_a
सावंत वसंत
730
_a
वसा
942
_c
BOOK
999
_c
1080797
_d
1080794